000 00654nam a22002297a 4500
003 UA-OsUOA
001 113446
007 ta
008 20150908b un ||||| |||| 00| 0 ukr d
090 _a82.09(477.82)
_bВ67
942 _cBK
040 _aUA-OsUOA
_bukr
_cUA-OsUOA
_dUA-OsUOA
245 _aВолинський Кобзар
_cукл. П. М. Кралюк
300 _a212 с.
955 _a2
041 _aukr
080 _a82.09(477.82)
020 _a978-966-2254-71-6
260 _aОстрог
_bОстрозька академія
_c2013
650 7 _a82 Література. Літературознавство
_2UDC
999 _c399144
_d399144